01994nkc a22003257a 45000010006000000050017000060070007000230080041000300400024000711000026000952450086001212600044002073000049002515000252003005000178005525000055007306000042007856000034008276100058008616510048009196550042009677100035010098520021010448560150010658560150012159420020013659520133013859520133015189990017016518582720260429094707.0kh bo 260421s18901900sp ||||| |||| 00| 0 spa d aM-RABAbspacM-RABA1 aHauser y Menet91793911a[Busto en mármol de D. Vicente López]c/ Hauser y Meneth[Material gráfico] a: Madridb: Hauser y Menetc[1890-1900] a2 fotografíasb: Fototipiac; 27,5 x 19 cm00aDos fototipias del busto de D. Vicente López, realizado por D. José Piquer realizado en 1874. Dicho busto fue donado a la Real Academia de Bellas Artes de San Fernando en 1876 por su nieto Vicente López y Terrén. (Nº de inventario: E-30).00aNota mecanografiada en el pie de la imagen: "Fototipia de Hauser y Menet. Madrid. D. Vicente López. Busto de mármol por D. José Piquer. Real Academia de San Fernando".00aFecha tomada del periodo activo de Hauser y Menet.17aLópez, Vicente (d1772-1850)91912817aPiquer y Duart, José92298124aReal Academia de Bellas Artes de San Fernando.975832 7aMadrid (Comunidad Autónoma)2embne975223 7aFotografías de obras de arte9756752 aHauser y Menet (Madrid)950978 jFot-727; Fot-728 uhttps://archivoybiblioteca.realacademiabellasartessanfernando.com/cgi-bin/koha/opac-retrieve-file.pl?id=15c6d15e74802a8b347299a1291ea2d6yFot-727 uhttps://archivoybiblioteca.realacademiabellasartessanfernando.com/cgi-bin/koha/opac-retrieve-file.pl?id=9f17c6a9214cadf7e64c6d2f60aa4a54yFot-728 cFOTOGRAFÍAn0 00102ddc40708FOTOGRAFIAaRABASFbRABASFcDP2d2026-04-21l0oFot-727p1097050r2026-04-21 10:38:08w2026-04-21yFOTOGRAFÍA 00102ddc40708FOTOGRAFIAaRABASFbRABASFcDP2d2026-04-21l0oFot-728p1097051r2026-04-21 10:38:40w2026-04-21yFOTOGRAFÍA c85827d85827